<?xml version="1.0" encoding="UTF-8"?>
<record
    xmlns:xsi="http://www.w3.org/2001/XMLSchema-instance"
    xsi:schemaLocation="http://www.loc.gov/MARC21/slim http://www.loc.gov/standards/marcxml/schema/MARC21slim.xsd"
    xmlns="http://www.loc.gov/MARC21/slim">

  <leader>01215nab a2200205 i 4500</leader>
  <controlfield tag="001">768714001</controlfield>
  <controlfield tag="003">CO-MdFUSB</controlfield>
  <controlfield tag="005">20240506120805.0</controlfield>
  <controlfield tag="008">240503t1966    sp ||||| |||| 00| 0 spa d</controlfield>
  <datafield tag="040" ind1=" " ind2=" ">
    <subfield code="b">spa</subfield>
    <subfield code="c">CO-MdFUSB</subfield>
    <subfield code="d">CO-MdFUSB</subfield>
  </datafield>
  <datafield tag="041" ind1=" " ind2=" ">
    <subfield code="a">spa</subfield>
  </datafield>
  <datafield tag="100" ind1=" " ind2=" ">
    <subfield code="a">Petzold, Hilarion,</subfield>
    <subfield code="e">autor</subfield>
  </datafield>
  <datafield tag="245" ind1=" " ind2="3">
    <subfield code="a">La esencia de la ortodoxia seg&#xFA;n la concepci&#xF3;n de la iglesia Servia medieval</subfield>
    <subfield code="c">/ Hilarion Petzold</subfield>
  </datafield>
  <datafield tag="520" ind1=" " ind2=" ">
    <subfield code="a">No existe una definici&#xF3;n de la ortodoxia la "Iglesia de Cristo sobre la tierra" que est&#xE9; respaldada por una autoridad obligatoria. Los decretos de los siete primeros concilios ecum&#xE9;nicos no aportan definici&#xF3;n alguna concreta del concepto de Iglesia, ni es posible encontrar tampoco un consensus de los Padres acerca de una determinada definici&#xF3;n de Iglesia. Por otra parte, tal definici&#xF3;n no parece ser posible, porque "la Iglesia es en su esencia un misterio. </subfield>
  </datafield>
  <datafield tag="650" ind1=" " ind2="0">
    <subfield code="a">Historia de la Iglesia</subfield>
    <subfield code="9">153</subfield>
  </datafield>
  <datafield tag="653" ind1=" " ind2=" ">
    <subfield code="a">Iglesia servia</subfield>
  </datafield>
  <datafield tag="773" ind1="0" ind2=" ">
    <subfield code="0">49450</subfield>
    <subfield code="9">82575</subfield>
    <subfield code="o">R2507</subfield>
    <subfield code="t">Revista internacional de teolog&#xED;a Concilium</subfield>
    <subfield code="w">(CO-MdFUSB)8</subfield>
    <subfield code="x">0210-1041</subfield>
    <subfield code="g">N&#xFA;mero 17, (julio - agosto, 1966), p&#xE1;ginas: 421 - 431</subfield>
    <subfield code="q">p&#xE1;gina: 421</subfield>
  </datafield>
  <datafield tag="942" ind1=" " ind2=" ">
    <subfield code="c">ANA</subfield>
  </datafield>
  <datafield tag="945" ind1=" " ind2=" ">
    <subfield code="a">Catherine Arias &#xC1;lvarez practicante SENA</subfield>
  </datafield>
  <datafield tag="999" ind1=" " ind2=" ">
    <subfield code="c">69505</subfield>
    <subfield code="d">69505</subfield>
  </datafield>
</record>
